000 01608nam a22001697a 4500
003 OSt
005 20260112150336.0
008 260112b |||||||| |||| 00| 0 eng d
020 _a9781259002465
082 _28th Ed.
100 _aSchildt H.
_9216325
245 _aJava The Complete Reference
_bComprehensive Coverage Java Language
260 _aNew Delhi
_bTata McGraw Hill
_c2011
300 _a1116pp
520 _aThe Definitive Java Programming GuideIn Java: The Complete Reference, Eighth Edition, bestselling programming author Herb Schildt shows you everything you need to develop, compile, debug, and run Java programs. Updated for Java Platform, Standard Edition 7 (Java SE 7), this comprehensive volume covers the entire Java language, including its syntax, keywords, and fundamental programming principles. You'll also find information on key elements of the Java API library. JavaBeans, servlets, applets, and Swing are examined and real-world examples demonstrate Java in action. In addition, new Java SE 7 features such as try-with-resources, strings in switch, type inference with the diamond operator, NIO.2, and the Fork/Join Framework are discussed in detail.Coverage includes:Data types and operatorsControl statementsClasses and objectsConstructors and methodsMethod overloading and overridingInterfaces and packagesInheritanceException handlingGenericsAutoboxingEnumerationsAnnotationsThe try-with-resources statementVarargsMultithreadingThe I/O classesNetworkingThe Collections FrameworkApplets and servletsJavaBeansAWT and SwingThe Concurrent APIMuch, much more
942 _2ddc
_cBK
999 _c369868
_d369868